Tiere des Allwetterzoos Münster - Statistiken

Allgemein
  • Dieses Quiz wurde 43 mal gespielt
  • Das Durchschnittsergebnis liegt bei 19 aus 132
Antwortstatistiken
Hint Antwort % Korrekt
Katze Löwe
89%
Katze Sibirischer Tiger
89%
Nutztier Dülmener Pferd
84%
Hundeartige Timberwolf
73%
Huftier Böhm-Steppenzebra
70%
Primat Flachlandgorilla
70%
Huftier Netzgiraffe
62%
Primat Orang-Utan
62%
Nutztier Zwergesel
59%
Afrotheria Asiatischer Elefant
57%
Huftier Breitmaulnashorn
57%
Nutztier Zwergziege
57%
Katze Amurleopard
54%
Katze Gepard
54%
Vogel Rothalsstrauß
49%
Huftier Trampeltier
49%
Vogel Brillenpinguin
46%
Insekt Blattschneiderameise
41%
Nutztier Ouessant-Schaf
41%
Beuteltier Bennettkäguru
38%
Katzenartige Erdmännchen
38%
Huftier Gnu
35%
Katze Rotluchs
35%
Vogel Chile-Flamingo
32%
Hundeartige Kegelrobbe
32%
Spinnentier Goliath-Vogelspinne
30%
Vogel Krauskopfpelikan
30%
Nebengelenktier Großer Ameisenbär
24%
Echse Mitchells Waran
22%
Nebengelenktier Südliches Kugelgürteltier
22%
Nebengelenktier Zweifingerfaultier
22%
Echse Gebänderter Fidschi-Leguan
19%
Schlange Königspython
19%
Hundeartige Roter Panda
19%
Fisch Clownfisch
16%
Bär Lippenbär
16%
Huftier Prinz-Alfred-Hirsch
16%
Nagetier Weißschwanz-Stachelschwein
16%
Nutztier Brahma-Huhn
14%
Echse Dreihornchamäleon
14%
Huftier Yak
14%
Nutztier Cuy Meerschweinchen
11%
Vogel Gebirgslori
11%
Primat Katta
11%
Fisch Paletten-Doktorfisch
11%
Huftier Warzenschwein
11%
Echse Bartagame
8%
Antilope Elenantilope
8%
Vogel Kea
8%
Fisch Süßwasser-Stechrochen
8%
Vogel Edwardfasan
5%
Huftier Flachlandtapir
5%
Vogel Gänsegeier
5%
Fisch Glaswels
5%
Vogel Mönchsgeier
5%
Echse Psychedelischer Felsengecko
5%
Fisch Schwarzer Dornwels
5%
Primat Schwarzweißer Vari
5%
Krebstier Wurdemanns Garnele
5%
Huftier Bongo
3%
Huftier Chinesischer Muntjak
3%
Huftier Defassa-Wasserbock
3%
Stachelhäuter Diademseeigel
3%
Krebstier Einsiedlerkrebs
3%
Katze Fossa
3%
Primat Gelbbrustkapuzineraffe
3%
Primat Guereza
3%
Afrotheria Kurzohr-Rüsselspringer
3%
Huftier Przewalski-Pferd
3%
Hundeartige Riesenotter
3%
Primat Roter Brüllaffe
3%
Primat Roter Vari
3%
Hundeartige Rothund
3%
Vogel Sekretär
3%
Gliederfüßer Seychellen-Tausendfüßer
3%
Insekt Simandoa-Höhlenschabe
3%
Hundeartige Zwergotter
3%
Schildkröte Annam-Bachschildkröte
0%
Beuteltier Australischer Zwerggleitbeutler
0%
Vogel Baikalente
0%
Vogel Balistar
0%
Vogel Blauracke
0%
Mäuseartige Brandt-Steppenwühlmaus
0%
Fisch Charco-Azul-Wüstenkärpfling
0%
Vogel China-Bambushuhn
0%
Vogel Chinasittich
0%
Spinnentier Deserta-Tarantel
0%
Primat Dreifarb-Tamarin
0%
Fisch Evers Reisfisch
0%
Mäuseartige Fette Sandratte
0%
Insekt Gespenstschrecke
0%
Echse Gila-Krustenechse
0%
Primat Goldenes Löwenäffchen
0%
Primat Goldkopf-Löwenäffchen
0%
Echse Grüne Baumeidechse
0%
Schildkröte Indische Sternschildkröte
0%
Fisch Jacobus-Soldatenfisch
0%
Hundeartige Kalifornischer Seelöwe
0%
Afrotheria Kap-Klippschliefer
0%
Schildkröte Köhlerschildkröte
0%
Echse Krokodilschwanzechse
0%
Vogel Kronenkranich
0%
Schlange Langnasen-Strauchnatter
0%
Amphib Mallorca-Geburtshelferkröte
0%
Vogel Mandschurenkranich
0%
Vogel Marmelente
0%
Fledertier Nilflughund
0%
Echse Oman-Dornschwanzagame
0%
Echse Oman-Eidechse
0%
Echse Peru-Buntleguan
0%
Insekt Peru-Samtschrecke
0%
Echse Pityusen-Eidechse
0%
Amphib Querzahnmolch
0%
Insekt Riesenstabheuschrecke
0%
Katzenartige Ringelschwanzmungo
0%
Fisch Röhrenaal
0%
Primat Rotscheitelmangabe
0%
Vogel Rotschenkel
0%
Vogel Säbelschnäbler
0%
Vogel Sandregenpfeifer
0%
Amphib Schrecklicher Pfeilgiftfrosch
0%
Echse Schwarzer Hardun
0%
Fisch Schwarzer Pacu
0%
Primat Springtamarin
0%
Echse Stachelschwanzskink
0%
Katzenartige Südliche Zwergmanguste
0%
Nagetier Sumpfmeerschweinchen
0%
Fisch Süßwassernadel
0%
Echse Tannenzapfenechse
0%
Amphib Titicaca-Riesenfrosch
0%
Vogel Von-der-Decken-Toko
0%
Primat Zwergseidenäffchen
0%
Keine übereinstimmenden Quizze gefunden
Verteilung der Resultate
Anzahl Personen mit jedem Resultat
Perzentil nach korrekt beantworteten Fragen
Ihre Resultats-Entwicklung
Sie haben dieses Quiz noch nicht gespielt